000 00825nam a22002657a 4500
001 BR2022001013
003 BR-BrBNA
005 20230928105703.0
007 ta
008 230509b bl.||||| |||| 00| 0 por d
040 _aBR-BrBNA
_bpor
_cBiblioteca Nacional de Agricultura
041 _a(Eng, Por)
072 _aL01; E70; J15
_b2760
090 _ 2760 BR2022001013
110 1 _aSindicato Interestadual da Indústria do Tabaco, Santa Cruz do Sul, RS (Brasil)
_99542
245 1 _aTabaco: do sul do Brasil para o mundo; 25 anos de liderança no mercado mundial
260 3 _aSanta Cruz do Sul, RS (Brasil):
_c2018.
300 _a32 p.
500 _a22 illus.; 7 tables
650 _aFUMO
650 _aCOMERCIALIZAÇÃO
650 _aCOMÉRCIO EXTERIOR
909 _a202309
_bLucia
_c55
_dLucia Elande
942 _cBK
999 _c86205
_d86205